Legendarne postacie Średniowiecza - Statystyki

Ogólne statystyki
  • Ten quiz został rozwiązany 26 razy
    25 od ostatniego zresetowania
  • Średni wynik to 5 z 20
Statystyki odpowiedzi
Obrazkowy Odpowiedź % Poprawnych
Zawisza Czarny
87%
Joanna d'Arc
61%
Ryszard I Lwie Serce
39%
Saladyn
35%
Baldwin IV
30%
Karol Młot
30%
Belizariusz
26%
Merlin
26%
Popiel
26%
Jan Żiżka
22%
Król Artur
22%
Lancelot
22%
Cyd
17%
Bajbars
13%
Piast Kołodziej
9%
Johann Georg Faust
4%
Ragnar Lodbrok
4%
Henryk II Pobożny
0%
John Hawkwood
0%
William Wallace
0%
Nie znaleziono quizów pasujących do podanych kryteriów
Rozkład punktacji
Procent ludzi z każdym wynikiem
Percentyl według liczby udzielonych odpowiedzi
Twoja historia wyników
Nie rozwiązałeś tego quizu od ostatniego zresetowania